Normal view
MARC view
- Logic design
Entry Topical Term
001 - CONTROL NUMBER
- control field: 25096
003 - CONTROL NUMBER IDENTIFIER
- control field: IN-BhIIT
005 - DATE AND TIME OF LATEST TRANSACTION
- control field: 20250102164232.0
008 - FIXED-LENGTH DATA ELEMENTS
- fixed length control field: 250102|| aca||aabn | a|a d
040 ## - CATALOGING SOURCE
- Original cataloging agency: IN-BhIIT
- Transcribing agency: IN-BhIIT
150 ## - HEADING--TOPICAL TERM
- Topical term or geographic name entry element: Logic design
- Form subdivision: Problems, exercises, etc
670 ## - SOURCE DATA FOUND
- Source citation: Work cat.: (IN-BhIIT)14590: Roth, Charles H. Author 7743, Fundamentals of logic design /, 2021.